| 000 | 00604nam a22001937a 4500 | ||
|---|---|---|---|
| 005 | 20240627121832.0 | ||
| 010 | _aENG-140722 | ||
| 020 |
_c1380.00 _a9789394915725 |
||
| 035 | _aEN-124254 | ||
| 037 | _bDBAD | ||
| 082 | _a951.05 | ||
| 100 |
_aSurie, Poonam _967847 |
||
| 245 |
_aContemporary China: _bTradition and Mordernity / _cPoonam Surie |
||
| 260 |
_aNew Delhi _bKW Publishers Pvt Ltd _c2024 |
||
| 270 |
_bNew Delhi _a4676/21,First Floor , Ansari Road ,Daryaganj, _e110002 |
||
| 300 |
_aix, 269p. _c23cm(pb) |
||
| 700 |
_aSurie, Poonam _967842 |
||
| 942 |
_2ddc _cEN _h951.05 _mSUR |
||
| 999 |
_c203781 _d203781 |
||